00868 2200301 4500001002100000005001500021035002000036007000300056008004100059020002200100040001200122082001500134084001700149090002100166090002100187100002400208245007000232250003200302260004500334300004600379700002400425041000800449504003300457650002200490850001200512999002100524990002100545INLIS00000000079437620190710114700 a0010-0818000259ta180809 ind  a978-602-6541-72-7 aYOPDYOG04223a370.15 a370.15 AFI p aDEP 370.15 AFI p aCB-D.11 2018-5500 aAfi Parnawi,d1982-1 aPsikologi belajar PAI /cAfi Parnawi; editor, Ellis Siti Khotijah aCetakan pertama, April 2018 aYogyakarta :bLembaga Ladang Kata,c2018 aviii, 195 halaman :btabel, foto ;c21 cm0 aEllis Siti Khotijah0 aind aBibliografi: halaman 187-189 4aPsikologi belajar aYOPDYOG aCB-D.11/2018-550 aCB-D.11/2018-550